Is This It Album Tracklist - Statistics

General Stats
  • This quiz has been taken 26 times
  • The average score is 9 of 11
Answer Stats
Hint Answer % Correct
1 Is This It
100%
4 Barely Legal
89%
3 Soma
89%
2 The Modern Age
89%
8 Hard To Explain
84%
9 New York City Cops
84%
5 Someday
84%
11 Take It Or Leave It
84%
7 Last Nite
79%
6 Alone, Together
63%
10 Trying Your Luck
58%
No matching quizzes found
Score Distribution
Percent of People with Each Score
Percentile by Number Answered
Your Score History
You have not taken this quiz